000 00436nam a2200181Ia 4500
001 19215
005 20260306171727.0
008 260306s9999||||xx |||||||||||||| ||und||
041 _aESP
082 _a658.802
_bP59
100 _aPintado Blanco, Teresa
_eAUT
245 0 _aNuevas tendencias en comunicación
260 _c2013
300 _a337 pƔginas :
_c24 cm.
650 _aGEN
654 _aCAN
942 _cLIB
_dJUS
_fJUS
_2ddc
_n
999 _c19215
_d19215